000 00596nam a2200205Ii 4500
001 4138
003 CO-ViMGA
008 241108s9999||||xx |||||||||||||| ||und||
040 _aCO-ViMGA
_bspa
_erda
_cCO-ViMGA
041 0 _aunk
082 0 4 _a461-N677o
100 1 _aLázaro Nieto Ospina
_955834
245 1 0 _aOrtografía Analítica
264 1 _a[Lugar de publicación no identificado] : Bedout, [19??]
300 _avolumen
336 _atext
_btxt
_2rdacontent
337 _aunmediated
_bn
_2rdamedia
338 _avolume
_bnc
_2rdacarrier
940 _aidficha_siabuc: 4046. -- ficha_no_siabuc:4138
999 _c53540
_d53540